Personal branding a sportban - Hosszú Katinka és az Iron Lady

Bibliographic Details
Main Author: Mayer András
Other Authors: Fodor Dr. Mónika
Format: Thesis
Kulcsszavak:Personal branding
Önmarketing
Márkamenedzsment
Hosszú Katinka
Iron Lady
Online Access:http://dolgozattar.uni-bge.hu/5205

MARC

LEADER 00000nta a2200000 i 4500
001 dolg5205
005 20221011153425.0
008 160429suuuu hu om 000 hun d
040 |a BGE Dolgozattár Repozitórium  |b hun 
041 |a hu 
100 1 |a Mayer András 
245 1 0 |a Personal branding a sportban - Hosszú Katinka és az Iron Lady  |c Mayer András  |h [elektronikus dokumentum] 
246 1 1 |a Personal branding a sportban - Hosszú Katinka és az Iron Lady 
695 |a Personal branding 
695 |a Önmarketing 
695 |a Márkamenedzsment 
695 |a Hosszú Katinka 
695 |a Iron Lady 
700 1 |a Fodor Dr. Mónika  |e ths 
856 4 0 |u http://dolgozattar.uni-bge.hu/5205/1/Szakdolgozat_P9P1OX.pdf  |z Dokumentum-elérés